| 000 | 00788nam a2200229 a 4500 | ||
|---|---|---|---|
| 001 | 1951 | ||
| 003 | BD-RjUL | ||
| 005 | 20211208233441.0 | ||
| 008 | 960517s1996 ii a b 001 0 eng d | ||
| 020 | _a8171007082 | ||
| 035 | _a(BD-RjUL)1978 | ||
| 040 |
_aANL _beng _cANL _dANL:NR _dBD-RjUL |
||
| 041 | _aeng | ||
| 082 | 0 | 4 |
_a303.625 _220 _bGLO 1996 |
| 245 | 0 | 0 |
_aGlobal terrorism : _bsocio-politico and legal dimensions : genesis of terrorism : terrorism and human rights : terrorism and the law / _cedited by B.P. Singh Sehgal. |
| 260 |
_aNew Delhi : _bDeep & Deep, _cc1996. |
||
| 300 |
_axviii, 380 p. : _bill. ; _c23 cm. |
||
| 504 | _aIncludes bibliographical references and index. | ||
| 650 | 0 |
_aTerrorism. _96447 |
|
| 700 | 1 |
_aSehgal, Brinder Pal Singh, _d1951- _96448 |
|
| 942 |
_2ddc _cBK |
||
| 999 |
_c1951 _d1951 |
||